[Event "Lancaster Open 3rd"]
[Site "Lancaster"]
[Date "2025.08.16"]
[Round "3.8"]
[White "Fretwell, Ellis"]
[Black "Sykes, Chris"]
[Result "1-0"]
[WhiteElo "1827"]
[BlackElo "1931"]
[PlyCount "47"]
[EventDate "2025.08.15"]
[EventType "swiss"]
[EventRounds "5"]
[EventCountry "ENG"]
[SourceTitle "BritBase"]
[Source "John Saunders"]
[SourceDate "2025.08.25"]
[SourceVersion "1"]
[SourceVersionDate "2025.08.19"]
[SourceQuality "1"]

1. d4 Nf6 2. Nc3 c5 3. d5 Qb6 4. e4 d6 5. a4 a5 6. Bd3 g6 7. h3 Bg7 8. Nf3 Nbd7 9. O-O Ne5 10. Nd2 O-O 11. Kh1 Bd7 12. Be2 g5 13. Ra3 Qd8 14. Nb5 Bxb5 15. axb5 b6 16. Nc4 Nxc4 17. Bxc4 h6 18. f4 gxf4 19. Rxf4 Nd7 20. Rg3 Kh7 21. Qg4 Be5 22. Qf5+ Kh8 23. Rh4 Bg7 24. Bxh6 1-0

[Event "Lancaster Open 3rd"]
[Site "Lancaster"]
[Date "2025.08.16"]
[Round "3.9"]
[White "Varley, Joe"]
[Black "Wells, Tony D"]
[Result "1-0"]
[WhiteElo "2172"]
[BlackElo "2028"]
[PlyCount "81"]
[EventDate "2025.08.15"]
[EventType "swiss"]
[EventRounds "5"]
[EventCountry "ENG"]
[SourceTitle "BritBase"]
[Source "John Saunders"]
[SourceDate "2025.08.25"]
[SourceVersion "1"]
[SourceVersionDate "2025.08.19"]
[SourceQuality "1"]

1. e4 e5 2. Nf3 Nc6 3. Bb5 Nge7 4. Nc3 Ng6 5. d4 Bd6 6. d5 Nb8 7. h4 a6 8. Bd3 f6 9. h5 Ne7 10. Rh3 Bc5 11. Rg3 Kf8 12. Nh4 d6 13. Nf5 Bxf5 14. exf5 h6 15. Qg4 Rg8 16. Ne4 Nd7 17. Bd2 b5 18. O-O-O Qe8 19. Nxc5 Nxc5 20. f4 e4 21. Re1 Nxd5 22. Bxe4 Nxe4 23. Qf3 Qc6 24. Qxe4 Re8 25. Qxe8+ Qxe8 26. Rxe8+ Kxe8 27. Ra3 Kd7 28. Rxa6 Re8 29. Ra3 Re2 30. Rg3 Ne7 31. Rxg7 Ke8 32. g4 Rg2 33. Bc3 Nxf5 34. Rg6 Ne3 35. Rxf6 Rxc2+ 36. Kb1 Ke7 37. f5 Re2 38. Rxh6 Nxg4 39. Rg6 Ne3 40. h6 Nd5 41. Re6+ 1-0

[Event "Lancaster Open 3rd"]
[Site "Lancaster"]
[Date "2025.08.17"]
[Round "4.1"]
[White "Grieve, Harry"]
[Black "Gomez, Daniel"]
[Result "1-0"]
[WhiteElo "2564"]
[BlackElo "2122"]
[PlyCount "101"]
[EventDate "2025.08.15"]
[EventType "swiss"]
[EventRounds "5"]
[EventCountry "ENG"]
[SourceTitle "BritBase"]
[Source "John Saunders"]
[SourceDate "2025.08.25"]
[SourceVersion "1"]
[SourceVersionDate "2025.08.19"]
[SourceQuality "1"]

1. e4 e6 2. d4 d5 3. e5 c5 4. c3 Nc6 5. Nf3 Qb6 6. Bd3 cxd4 7. O-O Bd7 8. Re1 Nge7 9. h4 a6 10. Nbd2 dxc3 11. bxc3 Qc7 12. Nb3 Ng6 13. Qe2 f6 14. exf6 gxf6 15. Rb1 Bd6 16. Nbd4 Nce5 17. Nxe5 fxe5 18. Qg4 exd4 19. Bxg6+ hxg6 20. Qxg6+ Kf8 21. cxd4 Be8 22. Bh6+ Rxh6 23. Qxh6+ Kg8 24. Qg5+ Qg7 25. Qxg7+ Kxg7 26. Rxe6 Bf8 27. Rxb7+ Kg8 28. Re5 Rd8 29. Rf5 Bb5 30. f4 Ba3 31. Kh2 Bc1 32. Rff7 Be3 33. Rg7+ Kh8 34. Rh7+ Kg8 35. Rbg7+ Kf8 36. Rf7+ Kg8 37. Rhg7+ Kh8 38. f5 Bxd4 39. Rg6 Be3 40. g4 Rg8 41. Re6 Bf4+ 42. Kg2 Rxg4+ 43. Kf3 Rxh4 44. a4 Kg8 45. Rb7 Bxa4 46. Rxa6 Be8 47. Ra8 Kf8 48. f6 Be5 49. Re7 Rh3+ 50. Kg2 Rh2+ 51. Kg1 1-0

[Event "Lancaster Open 3rd"]
[Site "Lancaster"]
[Date "2025.08.17"]
[Round "4.2"]
[White "Nakara, Husain"]
[Black "Cook, Michael Anthony"]
[Result "0-1"]
[WhiteElo "2208"]
[BlackElo "1885"]
[PlyCount "70"]
[EventDate "2025.08.15"]
[EventType "swiss"]
[EventRounds "5"]
[EventCountry "ENG"]
[SourceTitle "BritBase"]
[Source "John Saunders"]
[SourceDate "2025.08.25"]
[SourceVersion "1"]
[SourceVersionDate "2025.08.19"]
[SourceQuality "1"]

1. e4 e5 2. Nf3 Nf6 3. d3 Nc6 4. Nc3 d5 5. exd5 Nxd5 6. Bd2 Be7 7. g3 Be6 8. Bg2 f6 9. Nh4 Nxc3 10. Bxc3 Qd7 11. a4 g5 12. Nf3 O-O-O 13. Qe2 Bd5 14. O-O h5 15. Ne1 Bxg2 16. Nxg2 h4 17. g4 Bc5 18. Ne3 h3 19. Kh1 Ne7 20. Qf3 Rdf8 21. a5 a6 22. Rad1 Kb8 23. b4 Bd4 24. Bd2 Bxe3 25. fxe3 f5 26. c4 Qxd3 27. Be1 Qxc4 28. e4 fxg4 29. Qxf8+ Rxf8 30. Rxf8+ Nc8 31. Rf2 Qxe4+ 32. Kg1 b6 33. Kf1 g3 34. hxg3 h2 35. Rxh2 Qf3+ 0-1

[Event "Lancaster Open 3rd"]
[Site "Lancaster"]
[Date "2025.08.17"]
[Round "4.3"]
[White "Armbruster, David"]
[Black "Hopkins, Kit W"]
[Result "1-0"]
[WhiteElo "2141"]
[BlackElo "1983"]
[PlyCount "119"]
[EventDate "2025.08.15"]
[EventType "swiss"]
[EventRounds "5"]
[EventCountry "ENG"]
[SourceTitle "BritBase"]
[Source "John Saunders"]
[SourceDate "2025.08.25"]
[SourceVersion "1"]
[SourceVersionDate "2025.08.19"]
[SourceQuality "1"]

1. d4 Nf6 2. Bf4 d5 3. e3 c5 4. c3 Nc6 5. Nf3 Qb6 6. Qc2 Bf5 7. dxc5 Bxc2 8. cxb6 Bxb1 9. Rxb1 axb6 10. Ra1 Nd7 11. Bb5 f6 12. Nd4 e5 13. Nxc6 exf4 14. Nd4 fxe3 15. fxe3 O-O-O 16. Ne6 Re8 17. Nxf8 Rhxf8 18. Kf2 Re5 19. Bxd7+ Kxd7 20. Rhd1 Kc6 21. Rd3 Ra8 22. a4 Ra6 23. Rd4 b5 24. axb5+ Kxb5 25. Rb4+ Kc6 26. Rxa6+ bxa6 27. Rh4 h6 28. Ra4 Kb5 29. Rb4+ Kc6 30. Rb8 Re7 31. b4 a5 32. bxa5 Ra7 33. Rg8 Kd6 34. Ke2 Ke6 35. Kd3 Kf7 36. Rb8 Rxa5 37. Rb7+ Kg6 38. g4 Ra2 39. h4 h5 40. gxh5+ Kxh5 41. Rxg7 Kxh4 42. Rd7 Ra5 43. Kd4 f5 44. Rxd5 Ra4+ 45. c4 Kg4 46. Re5 Rb4 47. Kd5 Rb1 48. Kd6 f4 49. Re4 Kf3 50. Rxf4+ Kxe3 51. Rh4 Rb4 52. Kc5 Rb8 53. Kd6 Rb4 54. Rh3+ Kd4 55. c5 Rb8 56. Rh4+ Kc3 57. c6 Rg8 58. c7 Rf8 59. Kd7 Rf7+ 60. Kc6 1-0

[Event "Lancaster Open 3rd"]
[Site "Lancaster"]
[Date "2025.08.17"]
[Round "4.4"]
[White "Jayar, Om Reddy"]
[Black "Domanski, Lukasz"]
[Result "1/2-1/2"]
[WhiteElo "1956"]
[BlackElo "2122"]
[PlyCount "74"]
[EventDate "2025.08.15"]
[EventType "swiss"]
[EventRounds "5"]
[EventCountry "ENG"]
[SourceTitle "BritBase"]
[Source "John Saunders"]
[SourceDate "2025.08.25"]
[SourceVersion "1"]
[SourceVersionDate "2025.08.19"]
[SourceQuality "1"]

1. c4 b6 2. Nc3 e6 3. e4 Bb7 4. Nge2 Bb4 5. g3 f5 6. d3 fxe4 7. Bg2 Nf6 8. O-O O-O 9. dxe4 Ng4 10. f4 e5 11. Na4 Qe7 12. Nd4 Bc5 13. Qxg4 Bxd4+ 14. Kh1 exf4 15. Bxf4 Nc6 16. Rad1 d6 17. Bg5 Bf6 18. Bxf6 Rxf6 19. Nc3 Ne5 20. Qe2 Rxf1+ 21. Rxf1 Rf8 22. Nd5 Rxf1+ 23. Bxf1 Qf7 24. Bh3 Bxd5 25. exd5 Qf3+ 26. Qxf3 Nxf3 27. Kg2 Ne5 28. b3 Kf7 29. Bf5 h6 30. h4 Kf6 31. Bc2 a5 32. Kf2 g5 33. Ke3 gxh4 34. gxh4 Ng6 35. Bxg6 Kxg6 36. Kf4 h5 37. a3 Kf6 1/2-1/2

[Event "Lancaster Open 3rd"]
[Site "Lancaster"]
[Date "2025.08.17"]
[Round "4.5"]
[White "Fretwell, Ellis"]
[Black "Lyth, John D"]
[Result "0-1"]
[WhiteElo "1827"]
[BlackElo "1861"]
[PlyCount "76"]
[EventDate "2025.08.15"]
[EventType "swiss"]
[EventRounds "5"]
[EventCountry "ENG"]
[SourceTitle "BritBase"]
[Source "John Saunders"]
[SourceDate "2025.08.25"]
[SourceVersion "1"]
[SourceVersionDate "2025.08.19"]
[SourceQuality "1"]

1. d4 d5 2. Nc3 f5 3. Bf4 Nf6 4. Nb5 Na6 5. e3 c6 6. Nc3 Qb6 7. a3 e6 8. Na4 Qa5+ 9. c3 b5 10. Nc5 Nxc5 11. dxc5 Be7 12. b4 Qd8 13. Nf3 O-O 14. Ne5 Bd7 15. Bd3 Be8 16. g4 Ne4 17. Bxe4 fxe4 18. Rg1 Bf6 19. g5 Be7 20. Qg4 Qc8 21. g6 Bxg6 22. Nxg6 hxg6 23. Qxg6 Bf6 24. Kd2 Qe8 25. Bd6 Qxg6 26. Rxg6 Kf7 27. Rg2 Rh8 28. a4 a5 29. axb5 axb4 30. Rxa8 bxc3+ 31. Kc2 Rxa8 32. b6 Ra2+ 33. Kc1 d4 34. exd4 e3 35. Bg3 e2 36. Rg1 Ra1+ 37. Kc2 Rxg1 38. f3 Rxg3 0-1

[Event "Lancaster Open 3rd"]
[Site "Lancaster"]
[Date "2025.08.17"]
[Round "4.6"]
[White "Longson Hegarty, Sarah N"]
[Black "Stubbs, Oliver"]
[Result "0-1"]
[WhiteElo "2054"]
[BlackElo "2281"]
[PlyCount "101"]
[EventDate "2025.08.15"]
[EventType "swiss"]
[EventRounds "5"]
[EventCountry "ENG"]
[SourceTitle "BritBase"]
[Source "John Saunders"]
[SourceDate "2025.08.25"]
[SourceVersion "1"]
[SourceVersionDate "2025.08.19"]
[SourceQuality "1"]

1. e4 e6 2. d4 d5 3. Nc3 Nf6 4. Bg5 dxe4 5. Nxe4 Be7 6. Bxf6 gxf6 7. Nf3 f5 8. Nc3 a6 9. g3 b5 10. Bg2 Bb7 11. Qd2 c5 12. O-O cxd4 13. Qxd4 Qxd4 14. Nxd4 Bxg2 15. Kxg2 Ra7 16. Rfd1 Rc7 17. Nce2 Nc6 18. Nxc6 Rxc6 19. Nd4 Rc4 20. c3 h5 21. Rd3 Bf6 22. Rad1 h4 23. f4 hxg3 24. hxg3 O-O 25. a3 Rfc8 26. R1d2 R4c7 27. Nb3 Be7 28. Kf3 Ra8 29. Rd7 Raa7 30. Rxc7 Rxc7 31. Nd4 Kf8 32. Ke3 Bc5 33. Ke2 Ke7 34. Rd1 Rc8 35. Kf3 Ke8 36. Ke3 Rd8 37. Rh1 Ke7 38. Rh5 Rg8 39. Kf3 Bxd4 40. cxd4 Rc8 41. Rh2 Kd6 42. Ke3 Kd5 43. Kd3 Rg8 44. Rg2 Rh8 45. Re2 f6 46. b3 Rh1 47. a4 Rg1 48. Re3 b4 49. Kc2 Rg2+ 50. Kd1 a5 51. Kc1 0-1

[Event "Lancaster Open 3rd"]
[Site "Lancaster"]
[Date "2025.08.17"]
[Round "4.7"]
[White "McMenamin, Danny"]
[Black "Varley, Joe"]
[Result "1/2-1/2"]
[WhiteElo "1923"]
[BlackElo "2172"]
[PlyCount "70"]
[EventDate "2025.08.15"]
[EventType "swiss"]
[EventRounds "5"]
[EventCountry "ENG"]
[SourceTitle "BritBase"]
[Source "John Saunders"]
[SourceDate "2025.08.25"]
[SourceVersion "1"]
[SourceVersionDate "2025.08.19"]
[SourceQuality "1"]

1. e4 c5 2. Nc3 Nc6 3. Bb5 Nf6 4. Bxc6 dxc6 5. d3 e5 6. f4 Bg4 7. Nf3 exf4 8. Bxf4 Nh5 9. Be3 Bd6 10. Ne2 Qc7 11. Qd2 O-O-O 12. O-O-O h6 13. h3 Bxf3 14. gxf3 g5 15. h4 f6 16. Qc3 b6 17. hxg5 hxg5 18. d4 cxd4 19. Nxd4 Bf4 20. Kb1 Bxe3 21. Qxe3 Nf4 22. Qc3 c5 23. Nf5 Qd7 24. b4 Rxh1 25. Rxh1 Ne2 26. Qxf6 cxb4 27. Ne7+ Kb7 28. Nd5 Nc3+ 29. Nxc3 bxc3 30. Qxc3 Qb5+ 31. Qb3 Qe5 32. Qe3 Rd4 33. c3 Qb5+ 34. Kc2 Ra4 35. Ra1 Rc4 1/2-1/2

[Event "Lancaster Open 3rd"]
[Site "Lancaster"]
[Date "2025.08.17"]
[Round "4.8"]
[White "Lothian, Robert"]
[Black "Davis, Holden"]
[Result "1-0"]
[WhiteElo "2029"]
[BlackElo "2088"]
[PlyCount "73"]
[EventDate "2025.08.15"]
[EventType "swiss"]
[EventRounds "5"]
[EventCountry "ENG"]
[SourceTitle "BritBase"]
[Source "John Saunders"]
[SourceDate "2025.08.25"]
[SourceVersion "1"]
[SourceVersionDate "2025.08.19"]
[SourceQuality "1"]

1. e4 e6 2. d4 d5 3. Nd2 Nf6 4. e5 Nfd7 5. Bd3 c5 6. c3 Nc6 7. Ne2 cxd4 8. cxd4 f6 9. exf6 Nxf6 10. Nf3 Bd6 11. O-O Qc7 12. h3 O-O 13. Be3 Bd7 14. Re1 Rae8 15. Rc1 Qb8 16. Nc3 e5 17. dxe5 Nxe5 18. Nxe5 Rxe5 19. Bd4 Rxe1+ 20. Qxe1 Bh2+ 21. Kh1 Re8 22. Qd1 Be5 23. Bb5 Bxb5 24. Nxb5 a6 25. Nc3 Qd6 26. g3 Qb4 27. Ne2 h5 28. Kg2 h4 29. g4 Qe7 30. Nc3 b5 31. Qd3 b4 32. Re1 Qd6 33. Nd1 Ne4 34. Bxe5 Qxe5 35. Ne3 Nf6 36. Nc2 Qd6 37. Rxe8+ 1-0

[Event "Lancaster Open 3rd"]
[Site "Lancaster"]
[Date "2025.08.17"]
[Round "4.9"]
[White "Sykes, Chris"]
[Black "Wells, Tony D"]
[Result "0-1"]
[WhiteElo "1931"]
[BlackElo "2028"]
[PlyCount "96"]
[EventDate "2025.08.15"]
[EventType "swiss"]
[EventRounds "5"]
[EventCountry "ENG"]
[SourceTitle "BritBase"]
[Source "John Saunders"]
[SourceDate "2025.08.25"]
[SourceVersion "1"]
[SourceVersionDate "2025.08.19"]
[SourceQuality "1"]

1. d4 d5 2. Bf4 Nf6 3. e3 Bf5 4. Nf3 e6 5. c4 Nc6 6. Nc3 Be7 7. Ne5 O-O 8. Be2 dxc4 9. Bxc4 Nxe5 10. dxe5 Ne4 11. Nxe4 Bxe4 12. O-O Qxd1 13. Rfxd1 Rfd8 14. Kf1 Rxd1+ 15. Rxd1 Rd8 16. Rxd8+ Bxd8 17. f3 Bc6 18. e4 Be7 19. Bd2 Kf8 20. Ke2 Ke8 21. Bd3 a6 22. f4 b5 23. g4 Bc5 24. Be3 Be7 25. Bd2 Kd7 26. f5 g6 27. f6 Bf8 28. Ke3 Kc8 29. b3 Kb7 30. Ke2 Ba3 31. Bc3 Bd7 32. Kd2 Kb6 33. Bd4+ Ka5 34. Bc3+ Bb4 35. a3 Bxc3+ 36. Kxc3 c5 37. b4+ Ka4 38. bxc5 Kxa3 39. Kd4 Bc6 40. Kc3 g5 41. Bc2 b4+ 42. Kd2 b3 43. Bd3 b2 44. Bb1 Kb3 45. Kd3 a5 46. Kd2 a4 47. Kd3 a3 48. Bc2+ Ka2 0-1

[Event "Lancaster Open 3rd"]
[Site "Lancaster"]
[Date "2025.08.17"]
[Round "5.1"]
[White "Cook, Michael Anthony"]
[Black "Grieve, Harry"]
[Result "0-1"]
[WhiteElo "1885"]
[BlackElo "1885"]
[PlyCount "62"]
[EventDate "2025.08.15"]
[EventType "swiss"]
[EventRounds "5"]
[EventCountry "ENG"]
[SourceTitle "BritBase"]
[Source "John Saunders"]
[SourceDate "2025.08.25"]
[SourceVersion "1"]
[SourceVersionDate "2025.08.19"]
[SourceQuality "1"]

1. e4 c5 2. c3 Nf6 3. e5 Nd5 4. Nf3 e6 5. d4 cxd4 6. cxd4 d6 7. Nc3 Nxc3 8. bxc3 Qc7 9. Bd2 Nd7 10. exd6 Bxd6 11. Bd3 b6 12. O-O Bb7 13. Re1 O-O 14. h3 Bf4 15. Bxf4 Qxf4 16. Ne5 Nxe5 17. Rxe5 Rac8 18. Qe1 Rc7 19. a4 Rfc8 20. Re3 g6 21. Bf1 Bd5 22. a5 bxa5 23. Rxa5 Rb8 24. Ra1 Rb2 25. c4 Bxc4 26. Bxc4 Rxc4 27. d5 exd5 28. Rf3 Qb8 29. Rd1 Re4 30. Qa5 Rb1 31. Qxd5 Re1+ 0-1

[Event "Lancaster Open 3rd"]
[Site "Lancaster"]
[Date "2025.08.17"]
[Round "5.2"]
[White "Lyth, John D"]
[Black "Armbruster, David"]
[Result "1/2-1/2"]
[WhiteElo "2141"]
[BlackElo "1861"]
[PlyCount "48"]
[EventDate "2025.08.15"]
[EventType "swiss"]
[EventRounds "5"]
[EventCountry "ENG"]
[SourceTitle "BritBase"]
[Source "John Saunders"]
[SourceDate "2025.08.25"]
[SourceVersion "1"]
[SourceVersionDate "2025.08.19"]
[SourceQuality "1"]

1. d4 d5 2. Nf3 c6 3. g3 Nf6 4. Bg2 Bg4 5. O-O Bxf3 6. Bxf3 e6 7. Nd2 Bd6 8. e4 dxe4 9. Nxe4 Nxe4 10. Bxe4 Nd7 11. c3 Qc7 12. Bg2 h5 13. h3 g6 14. Qf3 f6 15. Re1 Kf7 16. Re4 e5 17. Re1 exd4 18. cxd4 Rae8 19. Qb3+ Kg7 20. Bd2 Qb6 21. d5 Rxe1+ 22. Rxe1 Qxb3 23. axb3 cxd5 24. Bxd5 Rd8 1/2-1/2

[Event "Lancaster Open 3rd"]
[Site "Lancaster"]
[Date "2025.08.17"]
[Round "5.3"]
[White "Stubbs, Oliver"]
[Black "Jayar, Om Reddy"]
[Result "1-0"]
[WhiteElo "2281"]
[BlackElo "1956"]
[PlyCount "59"]
[EventDate "2025.08.15"]
[EventType "swiss"]
[EventRounds "5"]
[EventCountry "ENG"]
[SourceTitle "BritBase"]
[Source "John Saunders"]
[SourceDate "2025.08.25"]
[SourceVersion "1"]
[SourceVersionDate "2025.08.19"]
[SourceQuality "1"]

1. d4 d5 2. Nf3 Nf6 3. Bf4 c5 4. e3 Nc6 5. Nbd2 Qb6 6. dxc5 Qxb2 7. Rb1 Qc3 8. Bb5 g6 9. e4 dxe4 10. Be5 Qa5 11. O-O exf3 12. Nc4 Qd8 13. Qxf3 Bg4 14. Bxc6+ bxc6 15. Qxc6+ Bd7 16. Qb7 Qc8 17. Nd6+ exd6 18. Bxf6 Qxb7 19. Rxb7 Rg8 20. Rd1 Be7 21. Bxe7 Kxe7 22. c6 Rgd8 23. Re1+ Kf6 24. cxd7 a5 25. h4 d5 26. a4 Ra6 27. Re8 Raa8 28. Rb6+ Kf5 29. Re7 f6 30. Rd6 1-0

[Event "Lancaster Open 3rd"]
[Site "Lancaster"]
[Date "2025.08.17"]
[Round "5.4"]
[White "Gomez, Daniel"]
[Black "Domanski, Lukasz"]
[Result "1-0"]
[WhiteElo "2122"]
[BlackElo "2122"]
[PlyCount "125"]
[EventDate "2025.08.15"]
[EventType "swiss"]
[EventRounds "5"]
[EventCountry "ENG"]
[SourceTitle "BritBase"]
[Source "John Saunders"]
[SourceDate "2025.08.25"]
[SourceVersion "1"]
[SourceVersionDate "2025.08.19"]
[SourceQuality "1"]

1. e4 d6 2. d4 Nf6 3. Nc3 e5 4. Nf3 Nbd7 5. Bc4 Be7 6. O-O O-O 7. Re1 c6 8. a4 h6 9. a5 Re8 10. h3 Qc7 11. Be3 Nf8 12. Qd3 Ng6 13. d5 Nh5 14. Bb3 Nhf4 15. Qc4 c5 16. Kh2 Kh8 17. Ba4 Rf8 18. b4 b6 19. bxc5 bxc5 20. Bc6 Bb7 21. Bxb7 Qxb7 22. Reb1 Qc7 23. Qa6 Rfb8 24. Rb5 Rxb5 25. Nxb5 Qd7 26. Qc6 Qxc6 27. dxc6 a6 28. Nc7 Ra7 29. Nd5 Bd8 30. Bd2 Ne7 31. c7 Rxc7 32. Nxc7 Bxc7 33. Rb1 Ne6 34. Bc3 f5 35. exf5 Nxf5 36. Rb7 e4 37. Ng1 d5+ 38. g3 e3 39. Be1 exf2 40. Bxf2 Bxa5 41. Ra7 Bc7 42. Rxa6 Ng5 43. Rc6 Bd6 44. Bxc5 Bxg3+ 45. Kg2 Ne4 46. Nf3 Kh7 47. Bd4 Ne7 48. Ra6 Ng6 49. Be3 d4 50. Bc1 Bc7 51. Nxd4 Nh4+ 52. Kf1 Ng3+ 53. Kf2 Ne4+ 54. Ke2 Be5 55. Nf3 Nc3+ 56. Kf2 Nd1+ 57. Ke1 Nxf3+ 58. Kxd1 g5 59. Be3 h5 60. Ke2 g4 61. Rh6+ Kg7 62. Rxh5 Bd6 63. hxg4 1-0

[Event "Lancaster Open 3rd"]
[Site "Lancaster"]
[Date "2025.08.17"]
[Round "5.5"]
[White "Hopkins, Kit W"]
[Black "Lothian, Robert"]
[Result "1/2-1/2"]
[WhiteElo "1983"]
[BlackElo "2029"]
[PlyCount "25"]
[EventDate "2025.08.15"]
[EventType "swiss"]
[EventRounds "5"]
[EventCountry "ENG"]
[SourceTitle "BritBase"]
[Source "John Saunders"]
[SourceDate "2025.08.25"]
[SourceVersion "1"]
[SourceVersionDate "2025.08.19"]
[SourceQuality "1"]

1. Nf3 f5 2. g3 Nf6 3. Bg2 g6 4. b3 Bg7 5. Bb2 d6 6. d4 O-O 7. O-O c6 8. Nbd2 a5 9. a4 Na6 10. Ne1 Re8 11. Nd3 Nb4 12. Nxb4 axb4 13. Re1 1/2-1/2

[Event "Lancaster Open 3rd"]
[Site "Lancaster"]
[Date "2025.08.17"]
[Round "5.6"]
[White "Varley, Joe"]
[Black "Nakara, Husain"]
[Result "1/2-1/2"]
[WhiteElo "2172"]
[BlackElo "2208"]
[PlyCount "60"]
[EventDate "2025.08.15"]
[EventType "swiss"]
[EventRounds "5"]
[EventCountry "ENG"]
[SourceTitle "BritBase"]
[Source "John Saunders"]
[SourceDate "2025.08.25"]
[SourceVersion "1"]
[SourceVersionDate "2025.08.19"]
[SourceQuality "1"]

1. e4 e5 2. Nf3 Nc6 3. Bb5 a6 4. Ba4 d6 5. O-O Bd7 6. c3 Nf6 7. Re1 g6 8. d3 Bg7 9. Nbd2 O-O 10. Nf1 b5 11. Bc2 Nh5 12. a4 b4 13. a5 Rb8 14. Ba4 Ne7 15. Bxd7 Qxd7 16. d4 bxc3 17. bxc3 Qc6 18. Bg5 f6 19. Bd2 Bh8 20. Rb1 Rb5 21. Qa4 Rfb8 22. Rxb5 Qxb5 23. Ra1 f5 24. exf5 gxf5 25. dxe5 Qxa4 26. Rxa4 dxe5 27. Rc4 Rb7 28. Rc5 e4 29. Nd4 Bxd4 30. cxd4 Ng7 1/2-1/2

[Event "Lancaster Open 3rd"]
[Site "Lancaster"]
[Date "2025.08.17"]
[Round "5.7"]
[White "McMenamin, Danny"]
[Black "Fretwell, Ellis"]
[Result "0-1"]
[WhiteElo "1923"]
[BlackElo "1827"]
[PlyCount "114"]
[EventDate "2025.08.15"]
[EventType "swiss"]
[EventRounds "5"]
[EventCountry "ENG"]
[SourceTitle "BritBase"]
[Source "John Saunders"]
[SourceDate "2025.08.25"]
[SourceVersion "1"]
[SourceVersionDate "2025.08.19"]
[SourceQuality "1"]

1. e4 c6 2. Nc3 d5 3. Nf3 g6 4. d4 Bg4 5. Be2 e6 6. h3 Bxf3 7. Bxf3 Bg7 8. Be3 Ne7 9. Ne2 dxe4 10. Bxe4 Nf5 11. Bxf5 exf5 12. Qd2 Nd7 13. Bg5 Nf6 14. Qb4 Qd7 15. O-O-O Nd5 16. Qa3 f6 17. Bd2 Bf8 18. Qa4 Nb6 19. Qa5 Nc4 20. Qc3 Nxd2 21. Rxd2 O-O-O 22. d5 c5 23. f4 Qa4 24. a3 Rd7 25. Nd4 Rxd5 26. Ne6 Rxd2 27. Qxd2 Qd7 28. Qe3 Bd6 29. Nxc5 Re8 30. Qf2 Qb5 31. Nd3 Re4 32. Rd1 b6 33. Qh4 Qc6 34. Kb1 Re2 35. Ne1 Qc7 36. Qxf6 Bxf4 37. Qh8+ Kb7 38. Qd4 Bg3 39. Qd5+ Qc6 40. Qxc6+ Kxc6 41. Nd3 Rxg2 42. Nb4+ Kc7 43. Nd5+ Kb7 44. Nf6 f4 45. Rd7+ Kc6 46. Rxh7 f3 47. Ng4 f2 48. Nxf2 Bxf2 49. Rxa7 g5 50. Rh7 Rh2 51. Rh5 Bh4 52. Rh6+ Kb5 53. c4+ Kxc4 54. Rxb6 Rxh3 55. Ka2 Rh2 56. Rb4+ Kc5 57. Rg4 Rf2 0-1

[Event "Lancaster Open 3rd"]
[Site "Lancaster"]
[Date "2025.08.17"]
[Round "5.8"]
[White "Wells, Tony D"]
[Black "Longson Hegarty, Sarah N"]
[Result "1/2-1/2"]
[WhiteElo "2028"]
[BlackElo "2054"]
[PlyCount "37"]
[EventDate "2025.08.15"]
[EventType "swiss"]
[EventRounds "5"]
[EventCountry "ENG"]
[SourceTitle "BritBase"]
[Source "John Saunders"]
[SourceDate "2025.08.25"]
[SourceVersion "1"]
[SourceVersionDate "2025.08.19"]
[SourceQuality "1"]

1. e4 e5 2. Nc3 Nf6 3. g3 Bc5 4. Bg2 O-O 5. Nge2 c6 6. O-O d5 7. exd5 cxd5 8. d4 exd4 9. Nxd4 Bg4 10. Qd2 Bxd4 11. Qxd4 Nc6 12. Qa4 d4 13. Nb5 Qa5 14. b4 Qxb4 15. Qxb4 Nxb4 16. Nxd4 Rad8 17. c3 Nbd5 18. Bb2 Rd7 19. h3 1/2-1/2

[Event "Lancaster Open 3rd"]
[Site "Lancaster"]
[Date "2025.08.17"]
[Round "5.9"]
[White "Davis, Holden"]
[Black "Sykes, Chris"]
[Result "1/2-1/2"]
[WhiteElo "2088"]
[BlackElo "1931"]
[PlyCount "31"]
[EventDate "2025.08.15"]
[EventType "swiss"]
[EventRounds "5"]
[EventCountry "ENG"]
[SourceTitle "BritBase"]
[Source "John Saunders"]
[SourceDate "2025.08.25"]
[SourceVersion "1"]
[SourceVersionDate "2025.08.19"]
[SourceQuality "1"]

1. e4 c6 2. d4 d5 3. exd5 cxd5 4. c4 Nf6 5. Nc3 Nc6 6. Nf3 Bg4 7. cxd5 Nxd5 8. Qb3 Bxf3 9. gxf3 e6 10. Qxb7 Nxd4 11. Bb5+ Nxb5 12. Qc6+ Ke7 13. Qc5+ Ke8 14. Qc6+ Ke7 15. Qc5+ Ke8 16. Qc6+ 1/2-1/2

[Event "Lancaster Major 3rd"]
[Site "Lancaster"]
[Date "2025.08.15"]
[Round "1.1"]
[White "Tomlinson, Zak"]
[Black "Taylor, Mark"]
[Result "1/2-1/2"]
[WhiteElo "1784"]
[BlackElo "1891"]
[PlyCount "31"]
[EventDate "2025.08.15"]
[EventType "swiss"]
[EventRounds "5"]
[EventCountry "ENG"]
[SourceTitle "BritBase"]
[Source "John Saunders"]
[SourceDate "2025.08.25"]
[SourceVersion "1"]
[SourceVersionDate "2025.08.20"]
[SourceQuality "1"]

1. e4 c5 2. c3 d5 3. exd5 Qxd5 4. d4 a6 5. Nf3 Nc6 6. Be3 cxd4 7. cxd4 e5 8. Nc3 Bb4 9. dxe5 Nge7 10. Be2 O-O 11. O-O Qa5 12. Na4 Rd8 13. Qb3 Be6 14. Qc2 Bf5 15. Qb3 Be6 16. Qc2 1/2-1/2

[Event "Lancaster Major 3rd"]
[Site "Lancaster"]
[Date "2025.08.15"]
[Round "1.2"]
[White "Graham, Geoffrey"]
[Black "Shaw, Kevin F"]
[Result "1-0"]
[WhiteElo "1853"]
[BlackElo "1773"]
[PlyCount "87"]
[EventDate "2025.08.15"]
[EventType "swiss"]
[EventRounds "5"]
[EventCountry "ENG"]
[SourceTitle "BritBase"]
[Source "John Saunders"]
[SourceDate "2025.08.25"]
[SourceVersion "1"]
[SourceVersionDate "2025.08.20"]
[SourceQuality "1"]

1. c4 e6 2. Nf3 Nf6 3. g3 d5 4. b3 Be7 5. Bb2 c6 6. Bg2 Nbd7 7. O-O b6 8. e3 Bb7 9. Nc3 O-O 10. Rc1 Rc8 11. cxd5 exd5 12. Re1 Re8 13. d3 Bd6 14. Rc2 c5 15. Qa1 Bb8 16. a4 a6 17. Rec1 Ne5 18. Ne1 Qd7 19. Ne2 Re7 20. Nf4 Rce8 21. d4 Neg4 22. dxc5 bxc5 23. Bh3 Bxf4 24. gxf4 d4 25. f3 Rxe3 26. Rg2 Bxf3 27. Nxf3 Rxf3 28. Bxg4 Nxg4 29. Rxc5 Rxf4 30. Rc1 Qa7 31. Re1 Rd8 32. Rge2 d3+ 33. Bd4 Qd7 34. Re7 Qc6 35. Qc3 Rf1+ 36. Rxf1 Qg6 37. Kh1 Qh5 38. Qd2 Qd5+ 39. Qg2 Qxd4 40. Rfxf7 Qa1+ 41. Rf1 Qd4 42. Re4 Qc3 43. Qxg4 d2 44. Qe6+ 1-0